000
00302nam a22001217a 4500
020
_a
81-286-0757-X
082
_a
001
_b
DIS/B
100
_a
DISNEY
245
_a
BIG BOOK OF FACTS
_b
HISTORY OF THE WORLD
260
_a
EUROKIDS INTERNATIONAL
_b
MUMBAI
_c
2005
650
_a
GENERAL KNOWLEDGE
_z
INDIA
942
_c
BK
999
_c
1976
_d
1976